Review and assessment of developmental issues concerning the metal parts treater design for the Blue Grass Chemical Agent Destruction Pilot Plant
Salvato in:
| Enti autori: | , , |
|---|---|
| Natura: | Elettronico eBook |
| Lingua: | inglese |
| Pubblicazione: |
Washington, D.C. :
National Academies Press,
c2008.
|
| Soggetti: | |
| Accesso online: | An electronic book accessible through the World Wide Web; click to view |
| Tags: |
Nessun Tag, puoi essere il primo ad aggiungerne!!
|
MARC
| LEADER | 00000nam a2200000 a 4500 | ||
|---|---|---|---|
| 001 | 0000099460 | ||
| 005 | 20171002055141.0 | ||
| 006 | m u | ||
| 007 | cr cn||||||||| | ||
| 008 | 080709s2008 dcua sb 000 0 eng d | ||
| 010 | |z 2008274778 | ||
| 020 | |z 0309115159 | ||
| 020 | |z 9780309115155 | ||
| 035 | |a (CaPaEBR)ebr10225199 | ||
| 035 | |a (OCoLC)614507320 | ||
| 040 | |a CaPaEBR |c CaPaEBR | ||
| 043 | |a n-us-ky |a n-us--- | ||
| 050 | 1 | 4 | |a UG447 |b .N283 2008eb |
| 110 | 2 | |a National Research Council (U.S.). |b Committee to Review and Assess Developmental Issues Concerning the Metal Parts Treater Design for the Blue Grass Chemical Agent Destruction Pilot Plant. | |
| 245 | 1 | 0 | |a Review and assessment of developmental issues concerning the metal parts treater design for the Blue Grass Chemical Agent Destruction Pilot Plant |h [electronic resource] / |c Committee to Review and Assess Developmental Issues Concerning the Metal Parts Treater Design for the Blue Grass Chemical Agent Destruction Pilot Plant, Board on Army Science and Technology, Division on Engineering and Physical Sciences, National Research Council of the National Academies. |
| 260 | |a Washington, D.C. : |b National Academies Press, |c c2008. | ||
| 300 | |a xiv, 48 p. : |b ill. (some col.). | ||
| 504 | |a Includes bibliographical references (p. 42). | ||
| 533 | |a Electronic reproduction. |b Palo Alto, Calif. : |c ebrary, |d 2013. |n Available via World Wide Web. |n Access may be limited to ebrary affiliated libraries. | ||
| 610 | 1 | 0 | |a United States. |b Dept. of Defense. |b Assembled Chemical Weapons Alternatives Program |x Evaluation. |
| 650 | 0 | |a Chemical weapons disposal |z Kentucky |z Richmond. | |
| 655 | 7 | |a Electronic books. |2 local | |
| 710 | 2 | |a National Research Council (U.S.). |b Board on Army Science and Technology. | |
| 710 | 2 | |a ebrary, Inc. | |
| 856 | 4 | 0 | |u http://site.ebrary.com/lib/daystar/Doc?id=10225199 |z An electronic book accessible through the World Wide Web; click to view |
| 908 | |a 170314 | ||
| 942 | 0 | 0 | |c EB |
| 999 | |c 88613 |d 88613 | ||